[Event "North Wales Open"]
[Site "Llandudno"]
[Date "2019.06.21"]
[Round "1.1"]
[White "Patrick, David A"]
[Black "Ashton, Adam G"]
[Result "0-1"]
[WhiteElo "1878"]
[BlackElo "2325"]
[PlyCount "80"]
[EventDate "2019.06.22"]
[EventRounds "5"]
[EventCountry "WLS"]

1. e4 c5 2. c3 Nf6 3. e5 Nd5 4. Nf3 e6 5. d4 cxd4 6. cxd4 b6 7. Nc3 Nxc3 8.
bxc3 Qc7 9. Bb2 Be7 10. Bd3 Bb7 11. Qe2 d6 12. O-O Nd7 13. exd6 Qxd6 14. a4 Qf4
15. Ne5 Nxe5 16. dxe5 O-O 17. a5 Bc5 18. Bc1 Qh4 19. Bc2 Bc6 20. Be3 Rad8 21.
axb6 axb6 22. Bxc5 bxc5 23. Ra6 Bd5 24. Ra4 c4 25. g3 Qg5 26. f4 Qe7 27. Rb1 g6
28. Qf2 Ra8 29. Rba1 Rxa4 30. Rxa4 Rb8 31. Ra7 Qd8 32. f5 gxf5 33. Ra2 Kh8 34.
Qd4 Qg5 35. Qf4 Qxf4 36. gxf4 Rg8+ 37. Kf2 Rg2+ 38. Ke3 Rxh2 39. Kd4 Rf2 40.
Kc5 h5 0-1

[Event "North Wales Open"]
[Site "Llandudno"]
[Date "2019.06.21"]
[Round "1.2"]
[White "Surtees, Mike J"]
[Black "Taylor, Robert Graham"]
[Result "1-0"]
[WhiteElo "2112"]
[BlackElo "1833"]
[PlyCount "79"]
[EventDate "2019.06.22"]
[EventRounds "5"]
[EventCountry "WLS"]

1. c4 Nf6 2. Nc3 e5 3. g3 c6 4. Bg2 Be7 5. e4 d6 6. Nge2 O-O 7. d4 Qc7 8. O-O
Be6 9. d5 cxd5 10. cxd5 Bd7 11. h3 Na6 12. Be3 b5 13. a3 b4 14. axb4 Nxb4 15.
Qd2 a5 16. f4 Qc4 17. Rfd1 Qb3 18. Rdc1 Bd8 19. fxe5 dxe5 20. Bc5 Re8 21. Ra3
Qc4 22. Na2 Qxa2 23. Bxb4 axb4 24. Rxa2 Rxa2 25. Qxb4 Ra4 26. Qb7 Ra5 27. Nc3
Rc5 28. Ra1 Bc8 29. Qb3 Nh5 30. Kh2 g5 31. Ra8 g4 32. h4 Kh8 33. Qb4 Rc7 34. d6
Rb7 35. Qa3 Bb6 36. Nd1 Bd4 37. Bf1 Rb6 38. d7 Bxd7 39. Rxe8+ Bxe8 40. Qf8# 1-0

[Event "North Wales Open"]
[Site "Llandudno"]
[Date "2019.06.21"]
[Round "1.3"]
[White "Biermann, Florian"]
[Black "Hayward, Philip T"]
[Result "1-0"]
[WhiteElo "1815"]
[BlackElo "1976"]
[PlyCount "43"]
[EventDate "2019.06.22"]
[EventRounds "5"]
[EventCountry "WLS"]

1. e4 e6 2. d4 d5 3. Nc3 Bb4 4. a3 Bxc3+ 5. bxc3 dxe4 6. Qg4 Nf6 7. Qxg7 Rg8 8.
Qh6 c5 9. Ne2 Bd7 10. Bg5 Rg6 11. Qh4 Bc6 12. Rd1 Nbd7 13. Nf4 Rg8 14. dxc5 e3
15. fxe3 Rxg5 16. Qxg5 Qa5 17. Bd3 O-O-O 18. Ne2 Rg8 19. Qf4 Rg4 20. Qd6 Qd8
21. Ba6 Ne4 22. Qxc6+ 1-0

[Event "North Wales Open"]
[Site "Llandudno"]
[Date "2019.06.21"]
[Round "1.4"]
[White "Van Kemenade, Rudy"]
[Black "Farrar, Gordon"]
[Result "0-1"]
[WhiteElo "1931"]
[BlackElo "1750"]
[PlyCount "36"]
[EventDate "2019.06.22"]
[EventRounds "5"]
[EventCountry "WLS"]

1. e4 e5 2. Nf3 d6 3. Bc4 Nf6 4. Ng5 d5 5. exd5 h6 6. Nf3 e4 7. Qe2 Bb4 8. Nc3
Bxc3 9. dxc3 O-O 10. Nd4 Bg4 11. f3 exf3 12. gxf3 Re8 13. Be3 Nxd5 14. Bxd5
Qxd5 15. O-O-O c5 16. fxg4 cxd4 17. Rxd4 Qxh1+ 18. Rd1 Qe4 0-1

[Event "North Wales Open"]
[Site "Llandudno"]
[Date "2019.06.21"]
[Round "1.5"]
[White "Van Kemenade, Julie"]
[Black "Whitehead, Mark A"]
[Result "1/2-1/2"]
[WhiteElo "1718"]
[BlackElo "1901"]
[PlyCount "34"]
[EventDate "2019.06.22"]
[EventRounds "5"]
[EventCountry "WLS"]

1. e4 c5 2. Nc3 a6 3. a4 Nc6 4. Bc4 Nf6 5. d3 e6 6. Ba2 Be7 7. Nf3 d6 8. O-O
O-O 9. Ne2 Ne5 10. Ng3 Bd7 11. c3 b5 12. Bb3 Qc7 13. Bc2 Rac8 14. Bg5 Nd5 15.
Bd2 Nf6 16. Bg5 Nd5 17. Bd2 Nf6 1/2-1/2

[Event "North Wales Open"]
[Site "Llandudno"]
[Date "2019.06.21"]
[Round "1.6"]
[White "Rathbone-Jones, Ifan"]
[Black "Dewangan, Aayush"]
[Result "1-0"]
[WhiteElo "1887"]
[BlackElo "1398"]
[PlyCount "93"]
[EventDate "2019.06.22"]
[EventRounds "5"]
[EventCountry "WLS"]

1. e4 c5 2. d4 cxd4 3. c3 dxc3 4. Nxc3 d6 5. Bc4 Nc6 6. f4 Nf6 7. Nf3 g6 8. e5
Nh5 9. Ng5 e6 10. g4 Ng7 11. Nce4 Be7 12. exd6 Bxg5 13. fxg5 Qa5+ 14. Kf1 O-O
15. Nf6+ Kh8 16. Qd3 Ne8 17. Bd2 Qd8 18. Bc3 e5 19. d7 Nxf6 20. dxc8=Q Qxc8 21.
gxf6 Qxg4 22. Bd5 Rad8 23. Qf3 Qxf3+ 24. Bxf3 Rfe8 25. Re1 Nd4 26. Bxb7 Re6 27.
Kg2 Nb5 28. Bxe5 Rd2+ 29. Kf3 Rb6 30. Rd1 Rxd1 31. Rxd1 h5 32. Rd8+ Kh7 33. Bd5
Ra6 34. Bxf7 Rc6 35. Bd5 Rxf6+ 36. Bxf6 Nd4+ 37. Kf2 g5 38. Be4+ Nf5 39. Bxf5+
Kh6 40. Rd7 h4 41. Rg7 g4 42. Ke3 g3 43. h3 g2 44. Rg4 g1=Q+ 45. Rxg1 a5 46.
Bg7+ Kh5 47. Bg6# 1-0

[Event "North Wales Open"]
[Site "Llandudno"]
[Date "2019.06.21"]
[Round "1.7"]
[White "Pirga, Vlad"]
[Black "Camp, Imogen A L"]
[Result "0-1"]
[WhiteElo "1513"]
[BlackElo "1886"]
[PlyCount "94"]
[EventDate "2019.06.22"]
[EventRounds "5"]
[EventCountry "WLS"]

1. e4 e5 2. Nf3 Nc6 3. d4 exd4 4. Nxd4 Bc5 5. Be3 Bb6 6. Bc4 Nf6 7. Nc3 d6 8.
Nxc6 bxc6 9. Qf3 Bd7 10. Bg5 Qe7 11. Bxf6 gxf6 12. O-O-O O-O-O 13. Rd3 Kb7 14.
Qf4 Be6 15. Bb3 Rhg8 16. Rg3 Bd4 17. Qd2 Bb6 18. f3 Bxb3 19. axb3 Qe5 20. Qe1
Rde8 21. Ne2 f5 22. Qc3 Qe6 23. Rxg8 Rxg8 24. Nf4 Qh6 25. g3 Rxg3 26. hxg3
Qxh1+ 27. Kd2 fxe4 28. fxe4 Qxe4 29. Qd3 Qxd3+ 30. Kxd3 Kc8 31. g4 Kd7 32. Ke4
Ke7 33. Kf5 Be3 34. Nd3 c5 35. c3 a5 36. c4 Bd4 37. Nf4 c6 38. Nd3 h6 39. Ke4
Kf6 40. Ne1 Kg5 41. Kf3 Bxb2 42. Nd3 Be5 43. Nf2 f5 44. gxf5 Kxf5 45. Ng4 h5
46. Ne3+ Kg5 47. Nd1 Bd4 0-1

[Event "North Wales Open"]
[Site "Llandudno"]
[Date "2019.06.22"]
[Round "2.1"]
[White "Ashton, Adam G"]
[Black "Biermann, Florian"]
[Result "1-0"]
[WhiteElo "2325"]
[BlackElo "1815"]
[PlyCount "43"]
[EventDate "2019.06.22"]
[EventRounds "5"]
[EventCountry "WLS"]

1. e4 c5 2. Nf3 g6 3. d4 cxd4 4. Qxd4 Nf6 5. e5 Nc6 6. Qa4 Nd5 7. Qe4 Nc7 8.
Nc3 Bg7 9. Bf4 Ne6 10. Bg3 Qa5 11. Bc4 Qb4 12. O-O-O h5 13. a3 Qa5 14. Rd5 Nc5
15. Qe3 Bh6 16. Bf4 Bxf4 17. Qxf4 e6 18. Ng5 Rf8 19. Nge4 exd5 20. Nd6+ Kd8 21.
Qf6+ Ne7 22. Nxd5 1-0

[Event "North Wales Open"]
[Site "Llandudno"]
[Date "2019.06.22"]
[Round "2.2"]
[White "Camp, Imogen A L"]
[Black "Surtees, Mike J"]
[Result "0-1"]
[WhiteElo "1886"]
[BlackElo "2112"]
[PlyCount "116"]
[EventDate "2019.06.22"]
[EventRounds "5"]
[EventCountry "WLS"]

1. d4 e6 2. Nf3 Nf6 3. Bf4 Nh5 4. Bg3 f5 5. e3 Be7 6. c4 d6 7. Nc3 O-O 8. Be2
Na6 9. O-O Nxg3 10. hxg3 c5 11. dxc5 Nxc5 12. b4 Nd7 13. Qb3 Qb6 14. Rfd1 a5
15. a3 Nc5 16. Qb2 Bd7 17. Rab1 axb4 18. axb4 Ne4 19. Nxe4 fxe4 20. Nd2 d5 21.
cxd5 exd5 22. Nc4 Qe6 23. Na3 Qf7 24. Bb5 Bf6 25. Qb3 Rxa3 26. Qxa3 Bxb5 27.
Rd2 h5 28. Qc1 Bd3 29. Rb3 d4 30. Ra3 dxe3 31. fxe3 Bg5 32. Qe1 Qf1+ 33. Qxf1
Rxf1+ 34. Kh2 Bxe3 35. Rdxd3 exd3 36. Rxd3 Bg1+ 37. Kh3 Rb1 38. Kh4 Rxb4+ 39.
Kxh5 Rb5+ 40. Kg6 Rb6+ 41. Kh5 Kh7 42. g4 Rh6+ 43. Kg5 b6 44. Kf5 Rf6+ 45. Ke4
Kg6 46. Rd5 Bc5 47. g3 Re6+ 48. Kf4 Rd6 49. Rg5+ Kf6 50. Rf5+ Ke7 51. g5 g6 52.
Re5+ Kd7 53. g4 Kc6 54. Re8 b5 55. Ke5 Bd4+ 56. Ke4 b4 57. Rc8+ Kb5 58. Rc1 b3
0-1

[Event "North Wales Open"]
[Site "Llandudno"]
[Date "2019.06.22"]
[Round "2.3"]
[White "Farrar, Gordon"]
[Black "Rathbone-Jones, Ifan"]
[Result "0-1"]
[WhiteElo "1750"]
[BlackElo "1887"]
[PlyCount "40"]
[EventDate "2019.06.22"]
[EventRounds "5"]
[EventCountry "WLS"]

1. d4 e6 2. e4 d5 3. e5 c5 4. c3 Nc6 5. Nf3 Qb6 6. Bd3 Bd7 7. dxc5 Bxc5 8. O-O
Qc7 9. Bf4 Nge7 10. Bg3 a5 11. a4 O-O 12. Na3 Ng6 13. Qe2 Nce7 14. Nc2 Nf5 15.
Bxf5 exf5 16. e6 f4 17. exd7 fxg3 18. hxg3 Qxg3 19. Qb5 Nf4 20. Nfe1 Nh3+ 0-1

[Event "North Wales Open"]
[Site "Llandudno"]
[Date "2019.06.22"]
[Round "2.4"]
[White "Hilton, Tim"]
[Black "Davies, Nigel R"]
[Result "0-1"]
[WhiteElo "1899"]
[BlackElo "2494"]
[PlyCount "22"]
[EventDate "2019.06.22"]
[EventRounds "5"]
[EventCountry "WLS"]

1. c4 b6 2. Nc3 e6 3. e4 Bb7 4. Bd3 Qg5 5. Qf3 Nc6 6. Nh3 Qh6 7. Bb1 Nd4 8. Qg3
Bd6 9. e5 Be7 10. O-O O-O-O 11. Be4 Bxe4 0-1

[Event "North Wales Open"]
[Site "Llandudno"]
[Date "2019.06.22"]
[Round "2.5"]
[White "Rajagopal, Juan"]
[Black "Carroll, Thomas"]
[Result "0-1"]
[WhiteElo "1600"]
[BlackElo "1986"]
[PlyCount "82"]
[EventDate "2019.06.22"]
[EventRounds "5"]
[EventCountry "WLS"]

1. d4 Nf6 2. c4 c5 3. d5 e6 4. Nc3 exd5 5. cxd5 d6 6. Bg5 Be7 7. Qa4+ Nbd7 8.
e3 Nxd5 9. Nxd5 Bxg5 10. Qe4+ Kf8 11. f4 Nf6 12. Nxf6 Bxf6 13. Bc4 Qe7 14.
Qxe7+ Kxe7 15. O-O-O Be6 16. Bd5 Rac8 17. Bxe6 fxe6 18. h4 h5 19. Nf3 g6 20.
Rd2 b5 21. Rhd1 Rc6 22. e4 Bg7 23. g3 Rf8 24. Ne5 Bxe5 25. fxe5 Rd8 26. Kc2 d5
27. exd5 Rxd5 28. Kc3 a6 29. a4 Rxe5 30. Rd7+ Kf6 31. R1d3 b4+ 32. Kc2 c4 33.
Rd1 Re2+ 34. R1d2 Rxd2+ 35. Kxd2 c3+ 36. Kc2 Kf5 37. Rd4 a5 38. Kd3 cxb2 39.
Rf4+ Ke5 40. Re4+ Kf6 41. Rf4+ Ke7 0-1

[Event "North Wales Open"]
[Site "Llandudno"]
[Date "2019.06.22"]
[Round "2.6"]
[White "Shakespeare, John"]
[Black "Gogia, Armaan"]
[Result "1-0"]
[WhiteElo "1950"]
[BlackElo "1767"]
[PlyCount "63"]
[EventDate "2019.06.22"]
[EventRounds "5"]
[EventCountry "WLS"]

1. d4 Nf6 2. Nf3 g6 3. c4 Bg7 4. Nc3 O-O 5. e4 d6 6. Be2 e5 7. d5 a5 8. Bg5 h6
9. Bh4 Na6 10. Nd2 Qe8 11. O-O Bd7 12. b3 Nh7 13. a3 h5 14. f3 f5 15. Rb1 g5
16. Bf2 f4 17. b4 axb4 18. axb4 Rf6 19. c5 Bf8 20. c6 bxc6 21. dxc6 Be6 22. Nd5
Rf7 23. Qa4 Bxd5 24. exd5 e4 25. fxe4 Nc5 26. Qc2 f3 27. Bxf3 g4 28. bxc5 gxf3
29. Nxf3 Nf6 30. Ng5 Rg7 31. Ne6 Rg4 32. Bd4 1-0

[Event "North Wales Open"]
[Site "Llandudno"]
[Date "2019.06.22"]
[Round "2.7"]
[White "Cukovs, Oleg"]
[Black "Van Kemenade, Julie"]
[Result "1/2-1/2"]
[WhiteElo "1910"]
[BlackElo "1718"]
[PlyCount "44"]
[EventDate "2019.06.22"]
[EventRounds "5"]
[EventCountry "WLS"]

1. e4 d6 2. d4 Nf6 3. Nc3 c6 4. Bg5 Nbd7 5. f4 Qa5 6. Qd2 e5 7. fxe5 dxe5 8.
dxe5 Ng4 9. e6 fxe6 10. Bc4 Nde5 11. Bb3 Bc5 12. Nge2 Bf2+ 13. Kd1 h6 14. Bf4
O-O 15. Bxe5 Nxe5 16. Nc1 Ng4 17. Nd3 Qh5 18. Qe2 Be3 19. h3 Nf2+ 20. Nxf2
Qxe2+ 21. Kxe2 Bxf2 22. Rhf1 Bd4 1/2-1/2

[Event "North Wales Open"]
[Site "Llandudno"]
[Date "2019.06.22"]
[Round "2.8"]
[White "Whitehead, Mark A"]
[Black "Sandhu, Manvith"]
[Result "1/2-1/2"]
[WhiteElo "1901"]
[BlackElo "1602"]
[PlyCount "36"]
[EventDate "2019.06.22"]
[EventRounds "5"]
[EventCountry "WLS"]

1. e4 Nc6 2. Nf3 d6 3. h3 Nf6 4. Nc3 g6 5. d4 Bg7 6. Be3 O-O 7. Be2 e5 8. d5
Ne7 9. Qd2 Qd7 10. O-O-O Rd8 11. g4 c6 12. Nh4 cxd5 13. exd5 Qc7 14. f4 b6 15.
g5 Ne8 16. Nb5 Qd7 17. c4 Ba6 18. Nc3 Qc7 1/2-1/2

[Event "North Wales Open"]
[Site "Llandudno"]
[Date "2019.06.22"]
[Round "2.9"]
[White "Hayward, Philip T"]
[Black "Pirga, Vlad"]
[Result "1-0"]
[WhiteElo "1976"]
[BlackElo "1513"]
[PlyCount "55"]
[EventDate "2019.06.22"]
[EventRounds "5"]
[EventCountry "WLS"]

1. c4 e5 2. g3 Bc5 3. Nc3 Nf6 4. Bg2 O-O 5. e3 Nc6 6. Nge2 a6 7. O-O Ne7 8. d4
exd4 9. exd4 Ba7 10. Bg5 Ng6 11. Ne4 Re8 12. N2c3 Nxe4 13. Bxd8 Nxc3 14. bxc3
Rxd8 15. h4 Rb8 16. h5 Nf8 17. h6 d6 18. hxg7 Kxg7 19. Qd2 Bf5 20. Rfe1 Ng6 21.
a4 a5 22. Bf3 c5 23. Kg2 Re8 24. Qg5 Bd7 25. Rh1 Rh8 26. Qh6+ Kg8 27. Rhd1 f6
28. Bd5+ 1-0

[Event "North Wales Open"]
[Site "Llandudno"]
[Date "2019.06.22"]
[Round "2.10"]
[White "Taylor, Robert Graham"]
[Black "Van Kemenade, Rudy"]
[Result "0-1"]
[WhiteElo "1833"]
[BlackElo "1931"]
[PlyCount "138"]
[EventDate "2019.06.22"]
[EventRounds "5"]
[EventCountry "WLS"]

1. Nf3 f5 2. d4 Nf6 3. c4 g6 4. Nc3 Bg7 5. Qc2 O-O 6. e3 d6 7. Be2 Nc6 8. d5
Nb4 9. Qb3 Na6 10. O-O Nc5 11. Qc2 e5 12. dxe6 Bxe6 13. Nd4 Bf7 14. b3 a5 15.
Bb2 Re8 16. Rad1 c6 17. a3 Qe7 18. Nf3 Ng4 19. Rfe1 Bh6 20. h3 Ne5 21. e4 f4
22. Nxe5 dxe5 23. Bg4 Be6 24. Bf3 Bg7 25. Ne2 Qf7 26. Nc1 g5 27. Qe2 Rf8 28.
Bh5 Qc7 29. Rd2 Qb6 30. Rd6 Rad8 31. Red1 Qc7 32. R6d2 Rxd2 33. Rxd2 Qb6 34.
Rd6 Bc8 35. Qc2 Rd8 36. Rxd8+ Qxd8 37. Bc3 Be6 38. Be2 b6 39. f3 h5 40. Nd3 Nd7
41. Nf2 Qe7 42. a4 Bf7 43. Nd3 Qd6 44. Nc1 Bf8 45. Qd1 Kg7 46. Qxd6 Bxd6 47.
Nd3 Kf6 48. Kf2 Bc5+ 49. Ke1 Ke6 50. Bd1 Kd6 51. Ke2 Be6 52. Kf1 Bd4 53. Be1
Nc5 54. Nc1 Be3 55. Na2 Nxa4 56. h4 gxh4 57. Bxh4 Nb2 58. Be2 Kc5 59. g4 hxg4
60. fxg4 Kd4 61. Bf3 Nxc4 62. Be1 Nd6 63. Bc3+ Kd3 64. Bxe5 Nxe4 65. Be2+ Kc2
66. Bc4 Nd2+ 67. Kg2 Nxc4 68. bxc4 Bxg4 69. Nc3 f3+ 0-1

[Event "North Wales Open"]
[Site "Llandudno"]
[Date "2019.06.22"]
[Round "2.11"]
[White "Dewangan, Aayush"]
[Black "Patrick, David A"]
[Result "0-1"]
[WhiteElo "1398"]
[BlackElo "1878"]
[PlyCount "132"]
[EventDate "2019.06.22"]
[EventRounds "5"]
[EventCountry "WLS"]

1. e4 e6 2. d4 d5 3. Nd2 Nf6 4. e5 Nfd7 5. f4 c5 6. c3 Nc6 7. Ndf3 f6 8. g3
cxd4 9. cxd4 Bb4+ 10. Kf2 fxe5 11. dxe5 Nc5 12. Ng5 O-O 13. Qh5 Ne4+ 14. Nxe4
dxe4 15. Qe2 Qd5 16. Bg2 Nxe5 17. Bxe4 Qd4+ 18. Kg2 Bc5 19. Nh3 Nc4 20. Ng5 g6
21. Nf3 Ne3+ 22. Qxe3 Qxe3 23. Bxe3 Bxe3 24. Rhe1 Bb6 25. Ne5 g5 26. Nd3 gxf4
27. Nxf4 e5 28. Nd3 Bd4 29. Rac1 Be6 30. Rc7 Rac8 31. Bxh7+ Kh8 32. Rxc8 Rxc8
33. Be4 Bxa2 34. Nc1 Be6 35. Bxb7 Rc2+ 36. Ne2 Rxb2 37. Be4 Bc3 38. Rc1 Rxe2+
39. Kf3 Bg4+ 40. Kxg4 Rxe4+ 41. Kf3 Rc4 42. Ke2 Rc7 43. Kd3 Ba5 44. Ra1 Bb6 45.
Re1 Re7 46. Kc4 e4 47. Kd5 e3 48. Kc4 Rf7 49. Kd3 Rf2 50. h4 Rg2 51. Re2 Rxe2
52. Kxe2 a5 53. g4 a4 54. g5 a3 55. g6 a2 56. g7+ Kxg7 57. h5 a1=Q 58. h6+ Kxh6
59. Kd3 Kg5 60. Ke2 Kf4 61. Kd3 Qd4+ 62. Kc2 e2 63. Kb3 e1=Q 64. Ka3 Qec3+ 65.
Ka2 Qdd2+ 66. Kb1 Qcc1# 0-1

[Event "North Wales Open"]
[Site "Llandudno"]
[Date "2019.06.22"]
[Round "3.1"]
[White "Surtees, Mike J"]
[Black "Ashton, Adam G"]
[Result "0-1"]
[WhiteElo "2112"]
[BlackElo "2325"]
[PlyCount "90"]
[EventDate "2019.06.22"]
[EventRounds "5"]
[EventCountry "WLS"]

1. c4 e5 2. Qc2 Nf6 3. e3 c6 4. Nf3 e4 5. Nd4 d5 6. Nc3 Bc5 7. b3 O-O 8. h3 Re8
9. Bb2 Na6 10. a3 Nc7 11. Nce2 Bf8 12. c5 a5 13. b4 axb4 14. axb4 Rxa1+ 15.
Bxa1 Bd7 16. Nc1 Qa8 17. Bc3 Rb8 18. Be2 b6 19. Ncb3 Na6 20. O-O bxc5 21. bxc5
Nxc5 22. Na5 Rb6 23. Rc1 Na6 24. Bxa6 Qxa6 25. Ndb3 Qd3 26. Qxd3 exd3 27. Bd4
Rb5 28. f3 h5 29. g4 Ba3 30. Ra1 Bb4 31. Bc3 Bxc3 32. dxc3 c5 33. Ra2 c4 34.
Nd2 hxg4 35. hxg4 g5 36. Kf2 Kg7 37. Kg3 Rb8 38. e4 dxe4 39. fxe4 Be6 40. Nc6
Rb5 41. e5 Nd5 42. Ne4 Rb3 43. Ra7 Nxc3 44. Nc5 Ne4+ 45. Nxe4 d2+ 0-1

[Event "North Wales Open"]
[Site "Llandudno"]
[Date "2019.06.22"]
[Round "3.2"]
[White "Rathbone-Jones, Ifan"]
[Black "Carroll, Thomas"]
[Result "0-1"]
[WhiteElo "1887"]
[BlackElo "1986"]
[PlyCount "136"]
[EventDate "2019.06.22"]
[EventRounds "5"]
[EventCountry "WLS"]

1. d4 Nf6 2. c4 c5 3. e3 g6 4. Nc3 Bg7 5. Nf3 O-O 6. g3 cxd4 7. exd4 d5 8. b3
Nc6 9. Bg2 dxc4 10. bxc4 Be6 11. c5 Bc4 12. Bf1 Bxf1 13. Kxf1 Nd5 14. Ne2 Qd7
15. Kg2 Rfd8 16. Bb2 Qf5 17. Qb1 Qc8 18. Qc2 Rd7 19. a3 Qd8 20. Rhd1 Rc8 21.
Rac1 e6 22. Qe4 Qe7 23. Re1 Rcd8 24. Rcd1 Qf6 25. Rd2 Nde7 26. Red1 Qf5 27. Qe3
Nd5 28. Qb3 g5 29. h3 h5 30. Qd3 Qf6 31. h4 g4 32. Ng5 Bh6 33. Ne4 Qg6 34. Ng5
Qg7 35. Nf4 Bxg5 36. hxg5 Qxg5 37. Rh1 Nxf4+ 38. gxf4 Qg6 39. Qe3 Rd5 40. f3
Rf5 41. Kf1 Qh6 42. fxg4 Qxf4+ 43. Qxf4 Rxf4+ 44. Ke2 Rxg4 45. Ke3 Rd5 46. Rdh2
Nxd4 47. Rxh5 Rxh5 48. Rxh5 Nf5+ 49. Kf3 Rh4 50. Rg5+ Kf8 51. Bf6 Rh3+ 52. Ke4
Re3+ 53. Kf4 Rxa3 54. Rh5 Ke8 55. Rh8+ Kd7 56. Rf8 Kc6 57. Rc8+ Kd7 58. Rd8+
Kc7 59. Rf8 Rb3 60. Ke5 Re3+ 61. Kf4 Rd3 62. Be5+ Kc6 63. Rc8+ Kb5 64. Rc7 a5
65. Rxb7+ Kxc5 66. Rxf7 a4 67. Rc7+ Kb4 68. Rb7+ Ka3 0-1

[Event "North Wales Open"]
[Site "Llandudno"]
[Date "2019.06.22"]
[Round "3.3"]
[White "Davies, Nigel R"]
[Black "Shakespeare, John"]
[Result "1-0"]
[WhiteElo "2494"]
[BlackElo "1950"]
[PlyCount "115"]
[EventDate "2019.06.22"]
[EventRounds "5"]
[EventCountry "WLS"]

1. Nf3 Nf6 2. g3 e6 3. Bg2 d5 4. O-O Be7 5. d3 O-O 6. Nbd2 Nc6 7. c3 a5 8. e4
dxe4 9. dxe4 e5 10. Qc2 Qe8 11. Nc4 Bc5 12. Ne3 Be6 13. Ng5 Bd7 14. Nd5 Bd6 15.
Nxf6+ gxf6 16. Nf3 Qc8 17. Nh4 Ne7 18. Be3 Kh8 19. Rad1 Be6 20. c4 Nc6 21. c5
Be7 22. Nf5 a4 23. Qb1 Rg8 24. Rd2 Rg6 25. Rfd1 Qf8 26. Nxe7 Qxe7 27. b4 axb3
28. axb3 Rgg8 29. b4 Ra4 30. Rb2 Rga8 31. Bf1 Bg4 32. Rc1 Bf3 33. h3 h5 34. Kh2
Ra3 35. Bg2 Nd4 36. Bxf3 Nxf3+ 37. Kg2 Ng5 38. h4 Ne6 39. Qc2 Kg7 40. Qe2 Rh8
41. Rd2 Raa8 42. Rcd1 Rad8 43. Rd5 Kg6 44. b5 c6 45. bxc6 bxc6 46. Rd6 Rxd6 47.
cxd6 Qb7 48. f4 Nf8 49. Kh2 Nd7 50. f5+ Kg7 51. g4 Qb4 52. gxh5 Kh7 53. Rg1
Qxe4 54. Rg7+ Kxg7 55. Bh6+ Rxh6 56. Qxe4 c5 57. Qg2+ Kh7 58. Qb7 1-0

[Event "North Wales Open"]
[Site "Llandudno"]
[Date "2019.06.22"]
[Round "3.4"]
[White "Van Kemenade, Julie"]
[Black "Hayward, Philip T"]
[Result "0-1"]
[WhiteElo "1718"]
[BlackElo "1976"]
[PlyCount "130"]
[EventDate "2019.06.22"]
[EventRounds "5"]
[EventCountry "WLS"]

1. e4 e6 2. d3 c5 3. g3 Nc6 4. Nf3 Nge7 5. Bg2 g6 6. O-O Bg7 7. c3 e5 8. Nbd2
d6 9. Re1 O-O 10. Nf1 h6 11. Ne3 Be6 12. Nh4 Qd7 13. Bf3 b6 14. Bg4 f5 15. Bh3
f4 16. Bxe6+ Qxe6 17. Nd5 Qh3 18. Qf3 g5 19. Qg2 Qd7 20. Nf3 g4 21. Nh4 f3 22.
Qf1 Nxd5 23. exd5 Ne7 24. c4 Qe8 25. h3 h5 26. Bg5 Bf6 27. Bxf6 Rxf6 28. Re4
Qd7 29. hxg4 hxg4 30. Qc1 Kf7 31. Qg5 Rg8 32. Qh5+ Kf8 33. Rae1 Qe8 34. Qxe8+
Kxe8 35. R1e3 Rh6 36. Kf1 Nf5 37. Ke1 Nxh4 38. gxh4 Rxh4 39. Rf4 Rf8 40. Rxf8+
Kxf8 41. Re4 a5 42. a4 Kf7 43. Kd2 Kf6 44. Re1 Rh2 45. Ke3 Kg5 46. Rg1 Rg2 47.
Rh1 g3 48. Kxf3 Rxf2+ 49. Kxg3 Rd2 50. Rh8 Rxd3+ 51. Kf2 e4 52. Rd8 Kf4 53.
Rf8+ Ke5 54. Ke2 Rb3 55. Re8+ Kd4 56. Re6 Rxb2+ 57. Kd1 Kd3 58. Kc1 Rc2+ 59.
Kb1 Rxc4 60. Rxd6 e3 61. Rxb6 Rb4+ 62. Rxb4 cxb4 63. d6 e2 64. d7 e1=Q+ 65. Kb2
Qe7 0-1

[Event "North Wales Open"]
[Site "Llandudno"]
[Date "2019.06.22"]
[Round "3.5"]
[White "Van Kemenade, Rudy"]
[Black "Camp, Imogen A L"]
[Result "1/2-1/2"]
[WhiteElo "1931"]
[BlackElo "1886"]
[PlyCount "89"]
[EventDate "2019.06.22"]
[EventRounds "5"]
[EventCountry "WLS"]

1. e4 e5 2. Nf3 Nc6 3. Bb5 a6 4. Ba4 d6 5. c4 Bd7 6. Nc3 Nf6 7. O-O g6 8. d4
exd4 9. Nxd4 Bg7 10. Bg5 h6 11. Bh4 O-O 12. Bc2 Qe8 13. Re1 Nxd4 14. Qxd4 Nh5
15. Qd2 Qe5 16. Nd5 g5 17. Bg3 Nxg3 18. hxg3 c6 19. Nc3 Rad8 20. Rad1 Be6 21.
Bb3 b5 22. cxb5 Bxb3 23. axb3 axb5 24. b4 Qe6 25. Re3 Qc4 26. Ne2 Rfe8 27. Rc1
Qa2 28. Nd4 Bxd4 29. Qxd4 c5 30. Qf6 Qe6 31. Qxe6 Rxe6 32. bxc5 dxc5 33. Rxc5
Rd1+ 34. Kh2 Rd2 35. Rxb5 Rxf2 36. Rf3 Rd2 37. Rb8+ Kg7 38. Rb7 Rxe4 39. Rbxf7+
Kg6 40. R3f6+ Kh5 41. Rf2 Rxf2 42. Rxf2 Rb4 43. Kh3 Rb3 44. Rc2 Rb4 45. Rf2
1/2-1/2

[Event "North Wales Open"]
[Site "Llandudno"]
[Date "2019.06.22"]
[Round "3.6"]
[White "Sandhu, Manvith"]
[Black "Cukovs, Oleg"]
[Result "1-0"]
[WhiteElo "1602"]
[BlackElo "1910"]
[PlyCount "103"]
[EventDate "2019.06.22"]
[EventRounds "5"]
[EventCountry "WLS"]

1. e4 e5 2. Nf3 f5 3. Nc3 fxe4 4. Nxe4 d5 5. Ng3 e4 6. Ng1 Nf6 7. d3 exd3 8.
Bxd3 Bc5 9. Qe2+ Qe7 10. Qxe7+ Bxe7 11. Nf3 Nc6 12. O-O Bg4 13. Be2 O-O-O 14.
h3 Bxf3 15. Bxf3 Nd4 16. Bd1 Rhe8 17. c3 Nc6 18. Bc2 g6 19. Re1 Bd6 20. Bg5
Bxg3 21. fxg3 Rxe1+ 22. Rxe1 Re8 23. Rxe8+ Nxe8 24. Bb3 d4 25. Be6+ Kb8 26.
cxd4 Nxd4 27. Bg8 Ng7 28. Bf6 Nge6 29. Bxh7 g5 30. Kf2 Nf8 31. Bxd4 Nxh7 32.
Kf3 Kc8 33. Kg4 Kd7 34. Be3 Ke6 35. Bxg5 c5 36. Be3 Nf6+ 37. Kf4 b6 38. g4 Nd5+
39. Ke4 Nf6+ 40. Kf3 Nd5 41. a3 c4 42. Bd2 b5 43. g5 Kf5 44. g4+ Kg6 45. Ke4
Ne7 46. h4 Nc8 47. h5+ Kh7 48. Ke5 Nb6 49. Kf6 Nd7+ 50. Ke6 Nc5+ 51. Kf7 Ne4
52. g6+ 1-0

[Event "North Wales Open"]
[Site "Llandudno"]
[Date "2019.06.22"]
[Round "3.7"]
[White "Biermann, Florian"]
[Black "Whitehead, Mark A"]
[Result "0-1"]
[WhiteElo "1815"]
[BlackElo "1901"]
[PlyCount "96"]
[EventDate "2019.06.22"]
[EventRounds "5"]
[EventCountry "WLS"]

1. e4 c5 2. Nc3 a6 3. a4 Nc6 4. Bc4 Nf6 5. d3 d6 6. f4 e6 7. Nf3 Qc7 8. O-O Be7
9. Qe1 O-O 10. e5 Nd7 11. exd6 Bxd6 12. Bxe6 fxe6 13. Qxe6+ Kh8 14. Ne4 Be7 15.
Nfg5 Nde5 16. Qd5 Bxg5 17. Nxg5 Qd7 18. Qxc5 Ng6 19. Nxh7 Rf5 20. Qf2 Kxh7 21.
g4 Rf7 22. f5 Nge5 23. h3 Nd4 24. Be3 Ndf3+ 25. Kh1 Qc6 26. Qg2 b6 27. d4 Nh4
28. Qxc6 Nxc6 29. Kh2 Ne7 30. Bg5 Nhxf5 31. gxf5 Nxf5 32. Rad1 Bb7 33. d5 Raf8
34. c4 Nd6 35. Rxf7 Rxf7 36. b3 Rf2+ 37. Kg1 Rf7 38. Bd8 Nc8 39. d6 Bc6 40. Be7
Bd7 41. Re1 Bxh3 42. a5 bxa5 43. c5 Bd7 44. Bd8 Rf3 45. Ra1 Rxb3 46. Rxa5 Rb5
47. Rxa6 Rxc5 48. Ra7 Nxa7 0-1

[Event "North Wales Open"]
[Site "Llandudno"]
[Date "2019.06.22"]
[Round "3.8"]
[White "Patrick, David A"]
[Black "Farrar, Gordon"]
[Result "1-0"]
[WhiteElo "1878"]
[BlackElo "1750"]
[PlyCount "45"]
[EventDate "2019.06.22"]
[EventRounds "5"]
[EventCountry "WLS"]

1. e4 e5 2. Nf3 d6 3. d4 exd4 4. Nxd4 Nf6 5. Nc3 Be7 6. h3 O-O 7. Be3 Nc6 8.
Nxc6 bxc6 9. Be2 a5 10. O-O Ba6 11. f4 Nd7 12. Bxa6 Rxa6 13. Qd3 Ra8 14. Ne2
Qb8 15. Rab1 Qb5 16. c4 Qh5 17. Ng3 Qg6 18. Rf3 Nb6 19. Nf5 Bf6 20. e5 Nxc4 21.
exf6 Qxf6 22. Bd4 Qe6 23. Nxg7 1-0